Taylor Swift - Chansons de l'album Red par ordre alphabétique - Statistiques

Statistiques générales
  • Ce quiz a été pris 82 fois
  • Le résultat moyen est 21 sur 28
Statistiques - réponses
Hint Réponse % Correct
Chiffre 22
98%
W We Are Never Ever Getting Back Together
92%
A All Too Well
90%
I I Knew You Were Trouble
88%
R Ronan
85%
H Holy Ground
81%
E Everything Has Changed
79%
R Red
79%
V The Very First Night
79%
B Begin Again
77%
C Come Back... Be Here
77%
B Babe
75%
I I Almost Do
75%
M Message In a Bottle
75%
R Run
75%
B Better Man
73%
S State Of Grace
73%
L The Last Time
73%
T Treacherous
73%
F Forever Winter
71%
G Girl At Home
71%
I I Bet You Think About Me
71%
S Stay Stay Stay
71%
S Sad Beautiful Tragic
69%
S Starlight
69%
M The Moment I Knew
69%
N Nothing New
67%
L The Lucky One
63%
Aucun quiz correspondant
Distribution des résultats
% des personnes avec chaque résultat
Percentile par nombre de réponses
Votre historique - résultats
Vous n’avez pas pris ce quiz